000 004490000a22001690004500
003 MACL
005 20150730132429.0
008 150730b xxu||||| |||| 00| 0 eng d
040 _aMACL
_cMACL
041 _aEnglish
082 _a350/MEH
100 _aMehta, D R
_93424
245 _aAdministration For Rural Development
260 _bThe Centre For Administrative Change
_c1984
_aNew Delhi
650 _aAdministration
_92275
942 _cBK
_k350
_2ddc
999 _c5761
_d5761